00681nam a2200241 a 4500001001300000003000900013005001700022008004100039020001000080082001700090100001900107245002300126260002900149300000900178500003500187505001000222650002300232700001900255902000800274942000700282952013300289999001700422nice12345678IN_TiNIC20260116013929.0050524s1997 dela grp 000 0 eng  ac45000a291.082bSHA aSharma, Arvind aReligion and Women aDelhibSri Satguruc1997 a291p aincludes index and biblioraphy2 aIndex aWomen and Religion1 aSharma, Arvind bSRS cBK 001040708StackRoom-aHMIbHMId2007-07-20g450.00l3m1o291.082 SHAp017703r2022-09-01s2022-08-22v450.00w2005-05-24yBK c13159d13159